[Event "FIDE World Rapid Team"]
[Site "Almaty KAZ"]
[Date "2024.08.04"]
[Round "11.8"]
[White "Yakubboev, Nodirbek"]
[Black "Narayanan, S.L."]
[Result "1-0"]
[WhiteTitle "GM"]
[BlackTitle "GM"]
[WhiteElo "2655"]
[BlackElo "2649"]
[WhiteTeam "Royal Chess"]
[BlackTeam "Team MGD1"]
[WhiteFideId "14203987"]
[BlackFideId "5058422"]
[EventDate "2024.08.02"]

1. d4 Nf6 2. c4 e6 3. Nf3 d5 4. Nc3 Bb4 5. Qa4+ Nc6 6. e3 O-O 7. Qc2 Re8 8. Bd2
Bf8 9. a3 a6 10. Be2 h6 11. O-O dxc4 12. Bxc4 e5 13. d5 Nb8 14. e4 Bg4 15. Ne1
c6 16. Be3 cxd5 17. Nxd5 Nbd7 18. Nc7 Rc8 19. Nxe8 Qxe8 20. Rc1 Nc5 21. f3 Bd7
22. Nd3 Ncxe4 23. fxe4 Be6 24. Nxe5 Bxc4 25. Nxc4 Ng4 26. Qe2 Qe6 27. h3 Nf6 28.
Nd2 Rd8 29. Qc4 Qe5 30. Qc3 Qe6 31. Qc4 Qe5 32. Qc7 Qe8 33. Rxf6 gxf6 34. Qg3+
Kh7 35. Qf4 Rd3 36. Rc3 Rxc3 37. bxc3 Qe6 38. Qf5+ Qxf5 39. exf5 Bxa3 40. Nc4 1-0

[Event "FIDE World Rapid Team"]
[Site "Almaty KAZ"]
[Date "2024.08.04"]
[Round "11.9"]
[White "Sadhwani, Raunak"]
[Black "Vokhidov, Shamsiddin"]
[Result "0-1"]
[WhiteTitle "GM"]
[BlackTitle "GM"]
[WhiteElo "2653"]
[BlackElo "2643"]
[WhiteTeam "Team MGD1"]
[BlackTeam "Royal Chess"]
[WhiteFideId "35093487"]
[BlackFideId "14204223"]
[EventDate "2024.08.02"]

1. d4 Nf6 2. c4 e6 3. Nc3 Bb4 4. Qc2 d5 5. a3 Bxc3+ 6. Qxc3 O-O 7. Nf3 b6 8. Bg5
dxc4 9. Qxc4 Bb7 10. Rd1 Nbd7 11. Ne5 h6 12. Nxd7 Qxd7 13. Bxf6 gxf6 14. h4 Rfd8
15. Rh3 c5 16. Qc1 Kh7 17. Rhd3 Be4 18. R3d2 cxd4 19. Rxd4 Qxd4 20. Rxd4 Rxd4
21. Qf4 Rad8 22. f3 Bf5 23. e4 h5 24. Be2 Kg7 25. b4 Bg6 26. g4 hxg4 27. Qxg4
Rh8 28. Qg3 e5 29. Qg4 a5 30. bxa5 bxa5 31. Bd1 Rd3 32. a4 Ra3 33. Kf2 Ra1 34.
Be2 Rh1 35. Bf1 R8xh4 36. Qd7 R4h2+ 37. Bg2 Ra1 38. Kg3 Rh5 39. Bh3 Rg5+ 40. Kf2
Ra2+ 41. Ke3 Rg1 42. Qb5 Re1+ 43. Kd3 Rea1 44. Bg4 Rxa4 0-1

[Event "FIDE World Rapid Team"]
[Site "Almaty KAZ"]
[Date "2024.08.04"]
[Round "11.10"]
[White "Vakhidov, Jakhongir"]
[Black "Pranav, V"]
[Result "0-1"]
[WhiteTitle "GM"]
[BlackTitle "GM"]
[WhiteElo "2571"]
[BlackElo "2598"]
[WhiteTeam "Royal Chess"]
[BlackTeam "Team MGD1"]
[WhiteFideId "14201801"]
[BlackFideId "25060783"]
[EventDate "2024.08.02"]

1. c4 e5 2. g3 Nf6 3. Bg2 Bc5 4. d3 d6 5. Nc3 O-O 6. Nf3 h6 7. O-O Nc6 8. a3 a5
9. e3 Ba7 10. b3 Be6 11. Bb2 Re8 12. Nb5 Bb6 13. Rc1 Ne7 14. d4 e4 15. Nd2 Bg4
16. Qc2 c6 17. Nc3 d5 18. Na4 Bf5 19. Nxb6 Qxb6 20. a4 h5 21. Ba3 h4 22. cxd5 h3
23. Bh1 Nexd5 24. Nc4 Qc7 25. Nd6 Bg6 26. Nxe8 Rxe8 27. Qc5 Bh5 28. Rfe1 Qd7 29.
Qc2 Qe6 30. Rf1 Nh7 31. Rce1 Ng5 32. f4 exf3 33. e4 Qg6 34. Bc1 Rxe4 35. Rxe4
Nxe4 36. Bxf3 Bxf3 37. Rxf3 Ng5 38. Rf2 Nf3+ 39. Kf1 Qxc2 40. Rxc2 Nxd4 41. Rb2
b6 42. Kf2 Nf6 43. Kf1 Ng4 44. Kg1 Nf3+ 45. Kh1 g5 46. Re2 Kg7 47. Be3 c5 48.
Bg1 Nge5 49. Be3 Kg6 50. Bc1 Kf5 51. Bb2 Nd3 52. Bg7 f6 53. g4+ Kg6 54. Bf8 Nd4
55. Re7 f5 56. Rg7+ Kf6 57. Kg1 Nf3+ 58. Kf1 Nxh2+ 59. Ke2 Nf4+ 60. Kd2 Nf3+ 61.
Ke3 h2 62. Rh7 Nh4 0-1

[Event "FIDE World Rapid Team"]
[Site "Almaty KAZ"]
[Date "2024.08.04"]
[Round "11.11"]
[White "Dronavalli, Harika"]
[Black "Nurman, Alua"]
[Result "1/2-1/2"]
[WhiteTitle "GM"]
[BlackTitle "WIM"]
[WhiteElo "2502"]
[BlackElo "2324"]
[WhiteTeam "Team MGD1"]
[BlackTeam "Royal Chess"]
[WhiteFideId "5015197"]
[BlackFideId "13729390"]
[EventDate "2024.08.02"]

1. Nf3 Nf6 2. c4 g6 3. g3 Bg7 4. Bg2 O-O 5. O-O d6 6. Nc3 e5 7. d3 c6 8. h3 Re8
9. e4 a5 10. Be3 h6 11. Qd2 Kh7 12. Rad1 Na6 13. d4 exd4 14. Nxd4 Bd7 15. Nc2
Qc8 16. Kh2 Re5 17. f3 Nb4 18. Ne2 Nxc2 19. Qxc2 d5 20. cxd5 cxd5 21. Qxc8 Rxc8
22. Bd4 Ree8 23. Nc3 Bc6 24. exd5 Bd7 25. Ne4 Nxe4 26. fxe4 Kg8 27. Bxg7 Kxg7
28. Rd2 Bb5 29. Rff2 Rc1 30. h4 h5 31. Rc2 Rxc2 32. Rxc2 Bd3 33. Rc7 Bxe4 34.
Bxe4 Rxe4 35. Rxb7 Rd4 36. Rb5 a4 37. Kg2 Kf6 38. Kf3 Ke5 39. Ke3 Rg4 40. Kf3
Rd4 41. b3 axb3 42. axb3 Rd3+ 43. Kf2 f6 44. b4 Kf5 45. Rc5 Ke5 46. Ra5 Kf5 47.
Rc5 Ke5 48. Rb5 Rb3 49. Rb6 Rb2+ 50. Kf1 Kxd5 51. Rxf6 Rxb4 52. Rxg6 Ke4 53. Kg2
Rb2+ 54. Kh3 Rb5 55. Rg8 Rc5 56. Rf8 Ra5 57. Rf7 Rb5 58. Rf4+ Ke5 59. Rf3 Ke4
60. Rf1 Ke5 61. Rf2 Ke6 62. Rf3 Rb4 63. Rf8 Rb5 64. Kg2 Ke7 65. Rf4 Ra5 66. Kf3
Ra3+ 67. Kf2 Ke6 68. Rf8 Rb3 69. Kg2 Ra3 70. Rf1 Rb3 71. Kh3 Ra3 72. Rf8 Ra2 73.
Rf1 Ke5 74. Rf3 Ra4 75. Rf8 Ke6 76. Rf1 Ke5 77. Rf2 Ke6 78. Kg2 Rb4 79. Rf4 Rb2+
80. Kh3 Rb3 81. Rf8 Ra3 82. Kg2 Rb3 83. Kf2 Ra3 84. Rg8 Ra5 85. Rf8 Ra3 86. Kg2
Rb3 87. Kf2 Ra3 88. Rf3 Rxf3+ 89. Kxf3 Kf5 90. Ke3 Kg4 91. Kf2 Kf5 92. Kf3 Ke5
93. Ke3 Kf5 94. Kf3 1/2-1/2

[Event "FIDE World Rapid Team"]
[Site "Almaty KAZ"]
[Date "2024.08.04"]
[Round "11.12"]
[White "Khassenov, Mansur"]
[Black "Shah Mihir"]
[Result "1/2-1/2"]
[WhiteElo "1982"]
[BlackElo "1801"]
[WhiteTeam "Royal Chess"]
[BlackTeam "Team MGD1"]
[WhiteFideId "13768700"]
[BlackFideId "46628878"]
[EventDate "2024.08.02"]

1. c4 Nf6 2. Nc3 g6 3. g3 Bg7 4. Bg2 O-O 5. d4 d6 6. Nf3 Nc6 7. O-O e5 8. dxe5
Nxe5 9. Nxe5 dxe5 10. Qxd8 Rxd8 11. Bg5 Rd7 12. Bh3 Rd4 13. Bxc8 Rxc8 14. b3 a6
15. Rad1 Kf8 16. Be3 Rxd1 17. Rxd1 Ke8 18. Nd5 Nxd5 19. Rxd5 Rd8 20. Rxd8+ Kxd8
21. f3 Kd7 22. Kf2 Kc6 23. Bd2 h5 24. Bc3 Kd6 25. f4 Ke6 26. e4 Bf6 27. Kf3 g5
28. h3 exf4 1/2-1/2

[Event "FIDE World Rapid Team"]
[Site "Almaty KAZ"]
[Date "2024.08.04"]
[Round "11.13"]
[White "Mamedyarov, Shakhriyar"]
[Black "Bilguun, Sumiya"]
[Result "1-0"]
[WhiteTitle "GM"]
[BlackTitle "GM"]
[WhiteElo "2733"]
[BlackElo "2470"]
[WhiteTeam "Kazchess"]
[BlackTeam "Hunnu Air"]
[WhiteFideId "13401319"]
[BlackFideId "4901541"]
[EventDate "2024.08.02"]

1. d4 d5 2. c4 e6 3. Nc3 a6 4. cxd5 exd5 5. Nf3 Nf6 6. Qc2 c6 7. Bg5 Be6 8. e3
Nbd7 9. Bh4 Be7 10. Bd3 Bg4 11. Ng1 Nf8 12. f3 Bd7 13. Nge2 Ne6 14. O-O g6 15.
Rae1 O-O 16. Kh1 Rc8 17. Qd1 c5 18. dxc5 Nxc5 19. Bb1 Bc6 20. Nd4 Ne6 21. Nxc6
Rxc6 22. f4 Nc5 23. f5 Nce4 24. Nxd5 Nxd5 25. Bxe7 Qxe7 26. Qxd5 Nf6 27. Qd4 Re8
28. h3 Qe5 29. Qxe5 Rxe5 30. g4 g5 31. Kg2 Rb6 32. b3 Rc6 33. Kf3 Rc3 34. Rf2
Kg7 35. Rc2 Rd3 36. Rc7 Rd2 37. Rxb7 Nd5 38. Rd7 Rh2 39. Kg3 Rb2 40. e4 Nf4 41.
h4 h6 42. Rd6 Rg2+ 43. Kf3 Rh2 44. hxg5 hxg5 45. Ke3 f6 46. Rd7+ Kf8 47. Rd8+
Kf7 48. Red1 Re7 49. Bd3 Nxd3 50. R1xd3 Rxa2 51. Rh8 Kg7 52. Rdd8 Rb2 53. Rhg8+
Kh7 54. Rh8+ Kg7 55. Rdg8+ Kf7 56. Rb8 Kg7 57. Rhg8+ Kh7 58. Rh8+ Kg7 59. Rhg8+
Kh7 60. Rg6 Rd7 61. Rxf6 Rc2 62. e5 Rc3+ 63. Ke4 Rg3 64. e6 Rxg4+ 65. Ke5 1-0

[Event "FIDE World Rapid Team"]
[Site "Almaty KAZ"]
[Date "2024.08.04"]
[Round "11.14"]
[White "Munkhdalai, Amilal"]
[Black "Svidler, Peter"]
[Result "1-0"]
[WhiteTitle "IM"]
[BlackTitle "GM"]
[WhiteElo "2374"]
[BlackElo "2698"]
[WhiteTeam "Hunnu Air"]
[BlackTeam "Kazchess"]
[WhiteFideId "4903250"]
[BlackFideId "4102142"]
[EventDate "2024.08.02"]

1. e4 c5 2. Nf3 e6 3. b3 a6 4. c4 Nc6 5. Bb2 Qc7 6. Nc3 Nf6 7. d4 cxd4 8. Nxd4
Bb4 9. Nxc6 dxc6 10. Bd3 e5 11. O-O O-O 12. Qc2 Be6 13. Na4 Be7 14. c5 Rad8 15.
Rad1 Nh5 16. Bc4 Nf4 17. Bxe6 Nxe6 18. b4 a5 19. a3 axb4 20. axb4 Nd4 21. Bxd4
Rxd4 22. Rxd4 exd4 23. Nb6 Qf4 24. Qd3 f5 25. exf5 Rxf5 26. g3 Qg4 27. Re1 Rf7
28. Nc4 h6 29. Ne5 Qf5 30. Qxd4 Bf6 31. f4 Re7 32. Qc4+ Kh7 33. g4 Qc8 34. Qd3+
Kg8 35. Qc4+ Kh7 36. h3 Qd8 37. Qe4+ Kg8 38. Kg2 Qd2+ 39. Re2 Qc3 40. Rc2 Qa1
41. Qc4+ Kh7 42. Qe4+ Kg8 43. Qc4+ Kh7 44. Qd3+ Kg8 45. Qd8+ Kh7 46. Qd3+ Kg8
47. Qb3+ Kh7 48. Ra2 1-0

[Event "FIDE World Rapid Team"]
[Site "Almaty KAZ"]
[Date "2024.08.04"]
[Round "11.15"]
[White "Grischuk, Alexander"]
[Black "Agibileg, Uurtsaikh"]
[Result "1-0"]
[WhiteTitle "GM"]
[BlackTitle "IM"]
[WhiteElo "2708"]
[BlackElo "2411"]
[WhiteTeam "Kazchess"]
[BlackTeam "Hunnu Air"]
[WhiteFideId "4126025"]
[BlackFideId "4901606"]
[EventDate "2024.08.02"]

1. d4 Nf6 2. c4 g6 3. Nc3 Bg7 4. e4 d6 5. Be2 O-O 6. Be3 e5 7. d5 Na6 8. g4 Nc5
9. f3 h5 10. g5 Nh7 11. h4 f6 12. Qd2 fxg5 13. hxg5 a5 14. Nh3 Bxh3 15. Rxh3 a4
16. O-O-O Rf4 17. Rg3 b6 18. Kb1 Qf8 19. Rdg1 Qf7 20. Bd1 Nf8 21. Rh3 Nfd7 22.
Rgg3 Bh8 23. Qe2 Bg7 24. Bc2 Rf8 25. Bd1 Ra8 26. Nb5 Nb8 27. a3 Bh8 28. Ka2 Bg7
29. Bc2 Bh8 30. Qd1 Bg7 31. Nc3 Qe8 32. Rg2 Nba6 33. Rhh2 Qf7 34. Rf2 Rf8 35.
Rh3 Qd7 36. Rh1 Ra8 37. Kb1 Qf7 38. Rhf1 Rf8 39. Bxa4 Nxa4 40. Qxa4 Nc5 41. Qd1
Ra8 42. Ka2 Qe8 43. Nb5 Rf7 44. Qc2 Na6 45. Qd2 Nc5 46. Qd1 Na4 47. Qc2 Bh8 48.
b3 Nc5 49. b4 Na4 50. Kb3 Qc8 51. Qe2 Qa6 52. Bc1 Bg7 53. Qd3 Bh8 54. Kc2 Bg7
55. f4 exf4 56. Rxf4 Rxf4 57. Rxf4 Qc8 58. Nd4 Be5 59. Nc6 Qe8 60. Nxe5 Qxe5 61.
Rf6 Kg7 62. Re6 Qa1 63. e5 1-0

[Event "FIDE World Rapid Team"]
[Site "Almaty KAZ"]
[Date "2024.08.04"]
[Round "11.16"]
[White "Chinguun, Sumiya"]
[Black "Suleymenov, Alisher"]
[Result "1-0"]
[WhiteTitle "FM"]
[BlackTitle "GM"]
[WhiteElo "2389"]
[BlackElo "2461"]
[WhiteTeam "Hunnu Air"]
[BlackTeam "Kazchess"]
[WhiteFideId "4902572"]
[BlackFideId "13707833"]
[EventDate "2024.08.02"]

1. e4 c5 2. Nc3 Nc6 3. Bb5 Nd4 4. Nf3 e6 5. O-O a6 6. Bd3 Nc6 7. b3 d6 8. Bb2
Nf6 9. Re1 Nd7 10. Bf1 Nde5 11. Nxe5 dxe5 12. Ne2 Be7 13. f4 Bf6 14. fxe5 Bxe5
15. Bxe5 Nxe5 16. Nf4 Qg5 17. Nd3 Nxd3 18. Bxd3 Qe5 19. Qf3 b5 20. a4 b4 21. Bc4
O-O 22. Qf2 a5 23. d3 Bd7 24. Rad1 Rad8 25. Re3 Bc6 26. Rf1 g6 27. Kh1 Kg7 28.
Qh4 Rd4 29. Rh3 h5 30. Rg3 Kh6 31. Qe7 Qg7 32. Qxc5 Ba8 33. Bxe6 Bxe4 34. h3 Ba8
35. Rxf7 Rxf7 36. Bxf7 Be4 37. Be6 Qf6 38. dxe4 Rd1+ 39. Kh2 Qxe6 40. Rf3 Qe8
41. Rf8 Qd7 42. Rh8+ 1-0

[Event "FIDE World Rapid Team"]
[Site "Almaty KAZ"]
[Date "2024.08.04"]
[Round "11.17"]
[White "Assaubayeva, Bibisara"]
[Black "Mungunzul, Bat-Erdene"]
[Result "1/2-1/2"]
[WhiteTitle "IM"]
[BlackTitle "WCM"]
[WhiteElo "2470"]
[BlackElo "2224"]
[WhiteTeam "Kazchess"]
[BlackTeam "Hunnu Air"]
[WhiteFideId "13708694"]
[BlackFideId "4902831"]
[EventDate "2024.08.02"]

1. c4 e6 2. g3 d5 3. Bg2 Nf6 4. Nf3 dxc4 5. Qa4+ Nbd7 6. Qxc4 c5 7. a4 Nb6 8.
Qc2 Nbd5 9. O-O Be7 10. d3 O-O 11. Na3 b6 12. Nc4 Bb7 13. Bd2 Rc8 14. Qb3 Nb4
15. Rfd1 Nfd5 16. e4 Nf6 17. Bf4 Ba6 18. Rac1 Nc6 19. Nce5 Na5 20. Qa2 Bd6 21.
Bg5 Qc7 22. Bxf6 gxf6 23. Ng4 Qe7 24. Ne3 Rfd8 25. h4 Nc6 26. Qb3 Be5 27. Bf1
Bd4 28. Nc2 Rc7 29. Ncxd4 Nxd4 30. Nxd4 Rxd4 31. a5 b5 32. Qc2 Qd6 33. Qe2 b4
34. Qg4+ Kf8 35. Qh5 Kg7 36. Qg4+ Kf8 37. Qh5 Kg7 38. Qg4+ 1/2-1/2

[Event "FIDE World Rapid Team"]
[Site "Almaty KAZ"]
[Date "2024.08.04"]
[Round "11.18"]
[White "Erkhembayar, Amartaivan"]
[Black "Ayapov, Alimzhan"]
[Result "1-0"]
[WhiteElo "1962"]
[BlackElo "2001"]
[WhiteTeam "Hunnu Air"]
[BlackTeam "Kazchess"]
[WhiteFideId "4904800"]
[BlackFideId "13727125"]
[EventDate "2024.08.02"]

1. d4 d5 2. Nf3 Nf6 3. Bf4 c5 4. c3 Nc6 5. e3 cxd4 6. exd4 Bf5 7. Bd3 Bxd3 8.
Qxd3 e6 9. Nbd2 Bd6 10. Bg3 O-O 11. Ne5 Qc7 12. f4 Ne7 13. Bh4 Nd7 14. Bxe7 Bxe7
15. O-O f6 16. Nxd7 Qxd7 17. Rae1 Rfe8 18. Rf2 Rac8 19. Rfe2 Bd6 20. Qf3 Bb8 21.
Qg4 Rc6 22. Nf3 g6 23. f5 e5 24. dxe5 Qxf5 25. Qxf5 gxf5 26. Nd4 fxe5 27. Nxc6
bxc6 28. Rf1 Rf8 29. Kf2 Kf7 30. Ke3 Ke6 31. Rf3 a5 32. Rh3 Rf7 33. Rh6+ Kd7 34.
g3 Bd6 35. Kd2 Bf8 36. Rh5 Ke6 37. g4 e4 38. gxf5+ Ke5 39. Rg2 a4 40. Ke2 Rb7
41. Kd1 Kf4 42. f6 Rf7 43. Ke2 Bd6 44. h3 Bf8 45. Rg4# 1-0

[Event "FIDE World Rapid Team"]
[Site "Almaty KAZ"]
[Date "2024.08.04"]
[Round "11.19"]
[White "Teclaf, Pawel"]
[Black "Isanzhulov, Arystan"]
[Result "1/2-1/2"]
[WhiteTitle "GM"]
[BlackTitle "IM"]
[WhiteElo "2553"]
[BlackElo "2401"]
[WhiteTeam "Q4Rail Kingsofchess Krakow"]
[BlackTeam "Teniz Kazakhstan"]
[WhiteFideId "1185934"]
[BlackFideId "13711644"]
[EventDate "2024.08.02"]

1. Nf3 d5 2. e3 Nf6 3. c4 e6 4. b3 b6 5. cxd5 exd5 6. Bb2 a6 7. g3 Bd6 8. Bg2
O-O 9. Nc3 Re8 10. O-O Bb7 11. Rc1 Nbd7 12. Ne2 Bf8 13. Nf4 Rc8 14. Bh3 Rb8 15.
Re1 Bd6 16. Bg2 Rc8 17. d3 Ba8 18. Re2 c5 19. d4 c4 20. Ne5 Nxe5 21. dxe5 Bxe5
22. Bxe5 1/2-1/2

[Event "FIDE World Rapid Team"]
[Site "Almaty KAZ"]
[Date "2024.08.04"]
[Round "11.20"]
[White "Mamedov, Edgar"]
[Black "Gareyev, Timur"]
[Result "1/2-1/2"]
[WhiteTitle "FM"]
[BlackTitle "GM"]
[WhiteElo "2443"]
[BlackElo "2541"]
[WhiteTeam "Teniz Kazakhstan"]
[BlackTeam "Q4Rail Kingsofchess Krakow"]
[WhiteFideId "13739980"]
[BlackFideId "14200937"]
[EventDate "2024.08.02"]

1. d4 Nf6 2. c4 e6 3. Nf3 b6 4. g3 Ba6 5. b3 Bb4+ 6. Bd2 Be7 7. Nc3 O-O 8. e4
Bb7 9. Bd3 d5 10. cxd5 c5 11. O-O exd5 12. e5 Ne4 13. Re1 f5 14. exf6 Bxf6 15.
Nxe4 dxe4 16. Bxe4 Bxe4 17. Rxe4 Nc6 18. Be3 Qd5 19. Qd3 cxd4 20. Bd2 Rae8 21.
Rae1 Rxe4 22. Qxe4 Qxe4 23. Rxe4 Rc8 24. Kf1 Kf7 25. Ke2 Rd8 26. Kd3 Rd5 27. Re1
Rf5 28. Ke4 Rc5 29. Rc1 Ke6 30. h3 g6 31. Rxc5 bxc5 32. Ne1 Ne5 33. Bf4 Nd7 34.
Nd3 Be7 35. Be5 Bd6 36. f4 Bf8 37. g4 a6 38. f5+ gxf5+ 39. gxf5+ Kf7 40. a3 Bh6
41. Bd6 Nf6+ 42. Kf3 Nd5 43. Nxc5 Kf6 44. Ke4 Nc3+ 45. Kxd4 Nb5+ 46. Kd5 Kxf5
47. Nxa6 Nxd6 48. Kxd6 Bf8+ 49. Kd5 Bxa3 50. b4 Bxb4 51. Nxb4 Kf4 1/2-1/2

[Event "FIDE World Rapid Team"]
[Site "Almaty KAZ"]
[Date "2024.08.04"]
[Round "11.21"]
[White "Bernadskiy, Vitaliy"]
[Black "Sapenov, Daniyal"]
[Result "1-0"]
[WhiteTitle "GM"]
[BlackTitle "FM"]
[WhiteElo "2530"]
[BlackElo "2311"]
[WhiteTeam "Q4Rail Kingsofchess Krakow"]
[BlackTeam "Teniz Kazakhstan"]
[WhiteFideId "14100371"]
[BlackFideId "13728911"]
[EventDate "2024.08.02"]

1. Nf3 d5 2. g3 g6 3. d4 Bg7 4. Bg2 Nf6 5. c4 O-O 6. cxd5 Nxd5 7. O-O Nb6 8. Be3
Nc6 9. Qc1 Re8 10. Rd1 Bf5 11. Nc3 Qc8 12. d5 Ne5 13. Nxe5 Bxe5 14. Bd4 Bxd4 15.
Rxd4 e5 16. dxe6 Qxe6 17. Qh6 Qf6 18. Rh4 Qg7 19. Qxg7+ Kxg7 20. Bxb7 Rad8 21.
Bf3 Rd2 22. b3 g5 23. Rb4 Rc2 24. Rb5 Bg6 25. Nd1 h6 26. Ne3 Rc3 27. Rd1 Re7 28.
a4 c6 29. Rb4 c5 30. Rb5 c4 31. bxc4 Re6 32. c5 Nxa4 33. c6 Nb6 34. Ra1 Be4 35.
Bxe4 Rxe4 36. Nf5+ Kg6 37. Rxa7 Rxe2 38. Rxb6 Kxf5 39. Rxf7+ Kg6 40. Rd7 Rc1+
41. Kg2 Rcc2 42. c7+ Kh5 43. Rf6 g4 44. Rd5+ 1-0

[Event "FIDE World Rapid Team"]
[Site "Almaty KAZ"]
[Date "2024.08.04"]
[Round "11.22"]
[White "Balabayeva, Xeniya"]
[Black "Gumularz, Szymon"]
[Result "0-1"]
[WhiteTitle "WIM"]
[BlackTitle "GM"]
[WhiteElo "2335"]
[BlackElo "2571"]
[WhiteTeam "Teniz Kazakhstan"]
[BlackTeam "Q4Rail Kingsofchess Krakow"]
[WhiteFideId "13719688"]
[BlackFideId "1188062"]
[EventDate "2024.08.02"]

1. d4 d6 2. e4 Nf6 3. Nc3 c6 4. a4 g6 5. g3 Bg7 6. Bg2 O-O 7. Nge2 e5 8. O-O Na6
9. h3 Nb4 10. Be3 exd4 11. Bxd4 Re8 12. Re1 Bd7 13. Qd2 c5 14. Be3 Bc6 15. Bg5
h6 16. Bxf6 Qxf6 17. Rad1 Rad8 18. Nf4 h5 19. Nd3 Kh7 20. h4 Bh6 21. f4 Bg7 22.
Kh2 Qd4 23. Ne2 Qc4 24. Nxb4 Qxb4 25. Qxb4 cxb4 26. b3 Bxe4 27. Bxe4 Rxe4 28.
Nc1 f5 29. Re2 Bc3 30. Kg2 d5 31. Kf3 Kg7 32. Nd3 Rde8 33. Rf2 Bd4 34. Rfd2 a5
35. Kg2 Re2+ 36. Kf1 R2e3 37. Kg2 Bc3 38. Rf2 b6 39. Nc1 Bb2 40. Nd3 Bf6 41.
Rdd2 Bc3 42. Rd1 Kf6 43. Nc1 Ke6 44. Re2 Kd6 45. Rxe3 Rxe3 46. Kf2 Re4 47. Ne2
Kc5 48. Rd3 d4 49. Rd1 b5 50. Nc1 bxa4 51. bxa4 Re3 52. Nb3+ Kb6 53. Rd3 Re4 54.
Rd1 Re6 55. Rd3 Bb2 56. Nxd4 Bxd4+ 57. Rxd4 Rc6 58. Rd2 Rc3 59. Rd5 Rxc2+ 60.
Ke3 Rc3+ 61. Kd4 Rxg3 62. Rd6+ Kb7 63. Rd5 Rf3 64. Ke5 Kb6 65. Rd6+ Kc5 66. Rd5+
Kc4 67. Rxa5 Ra3 68. Kf6 b3 69. Rb5 Rxa4 70. Rb6 Rb4 71. Rc6+ Kd3 72. Rc1 Rb6+
73. Kg5 b2 0-1

[Event "FIDE World Rapid Team"]
[Site "Almaty KAZ"]
[Date "2024.08.04"]
[Round "11.23"]
[White "Kulon, Klaudia"]
[Black "Nurgaliyev, Sauat"]
[Result "1/2-1/2"]
[WhiteTitle "IM"]
[BlackTitle "FM"]
[WhiteElo "2415"]
[BlackElo "2380"]
[WhiteTeam "Q4Rail Kingsofchess Krakow"]
[BlackTeam "Teniz Kazakhstan"]
[WhiteFideId "1131044"]
[BlackFideId "13726285"]
[EventDate "2024.08.02"]

1. c4 c5 2. g3 g6 3. Bg2 Bg7 4. Nc3 Nc6 5. a3 b6 6. e3 Nf6 7. Nge2 O-O 8. d4
cxd4 9. exd4 Bb7 10. d5 Na5 11. b3 e6 12. O-O exd5 13. cxd5 Rc8 14. Bb2 d6 15.
Rc1 Re8 16. Re1 Qd7 17. Ba1 Re7 18. Nd4 Rxe1+ 19. Qxe1 Ng4 20. Nce2 Ne5 21. Qd1
Ba6 22. Rxc8+ Qxc8 23. b4 Nac4 24. b5 Bb7 25. Nc6 Qe8 26. a4 Bc8 27. h3 h5 28.
Bd4 Bf5 29. Nc1 Nxc6 30. Bxg7 N6e5 31. Bh6 Kh7 32. Bf4 f6 33. Bf1 Be4 34. Be2
Qc8 35. Kh2 Qf5 36. f3 Bc2 37. Qf1 g5 38. Bxc4 gxf4 39. g4 hxg4 40. hxg4 Qg5 41.
Qh3+ Kg7 42. Be2 Bxa4 43. Na2 Bb3 44. Nc3 Qg6 45. g5 fxg5 46. Qc8 Qh5+ 47. Kg2
Qh4 48. Ne4 Bxd5 49. Qc7+ Nf7 50. Nxd6 Qe1 51. Nf5+ Kh7 52. Qc2 Bb3 53. Qb2 Kg6
54. Ne7+ Kh5 55. Nf5 Bd5 56. Ng7+ Kh6 57. Qf6+ Kh7 58. Bd3+ Kg8 59. Nf5 Kf8 60.
Be4 Qe2+ 61. Kh3 g4+ 62. Kxg4 Qg2+ 63. Kxf4 Qd2+ 64. Kg3 Qe1+ 65. Kg4 Qg1+ 66.
Ng3 Bxe4 67. fxe4 Qd1+ 68. Kh3 Qd7+ 69. Nf5 Qd3+ 70. Kh2 Qd2+ 71. Kh3 Qd3+ 72.
Ng3 Qd6 73. Qf5 Qh6+ 74. Kg4 Ke7 75. Nh5 Qd6 76. Kh3 Qd3+ 77. Kg2 Qe2+ 78. Kg1
Qe1+ 79. Kg2 Qd2+ 80. Kf1 Qc1+ 81. Kg2 Qb2+ 82. Kf1 Qe5 83. Qxe5+ Nxe5 84. Ke2
Kd6 85. Ke3 Nc4+ 86. Kd4 Na3 87. e5+ Ke6 88. Nf4+ Kf5 89. Nd3 Nxb5+ 90. Kd5 Nc7+
91. Kd6 Ne6 92. Nb4 Ng5 93. Nc6 a5 94. Kc7 a4 95. Kxb6 Ne6 96. Kb5 a3 97. Nb4
Kxe5 98. Ka4 a2 99. Nxa2 1/2-1/2

[Event "FIDE World Rapid Team"]
[Site "Almaty KAZ"]
[Date "2024.08.04"]
[Round "11.25"]
[White "Tin, Jingyao"]
[Black "Tologon tegin, Semetei"]
[Result "1-0"]
[WhiteTitle "GM"]
[BlackTitle "IM"]
[WhiteElo "2575"]
[BlackElo "2337"]
[WhiteTeam "Theme International Trading"]
[BlackTeam "Kyrgyz Chess Academy"]
[WhiteFideId "5804418"]
[BlackFideId "13800574"]
[EventDate "2024.08.02"]

1. d4 Nf6 2. c4 e6 3. Nc3 Bb4 4. e3 O-O 5. Bd3 d5 6. a3 Bxc3+ 7. bxc3 dxc4 8.
Bxc4 c5 9. Ne2 Qc7 10. Ba2 e5 11. d5 c4 12. f3 b5 13. e4 Nfd7 14. O-O Nc5 15.
Be3 Nbd7 16. Bb1 Nb6 17. Bc2 Bd7 18. Qe1 f5 19. Qh4 Rae8 20. Rad1 Nc8 21. exf5
Bxf5 22. Bxf5 Rxf5 23. Ng3 Rff8 24. Ne4 Nxe4 25. Qxe4 Nd6 26. Qc2 a6 27. a4 Rf6
28. axb5 Nxb5 29. Rd2 Rd6 30. Rc1 h6 31. Bf2 Qf7 32. Qe4 Qf4 33. Qxf4 exf4 34.
Bc5 Rd7 35. Bb4 Re5 36. d6 a5 37. Bxa5 Rxd6 38. Rxd6 Nxd6 39. Bc7 Rd5 40. Ra1
Nb5 41. Bxf4 Nxc3 42. Kf2 Nb5 43. Ra8+ Kf7 44. Rc8 c3 45. h4 h5 46. Ke3 g6 47.
Rc6 Rd7 48. Be5 Re7 49. f4 Re6 50. Rc5 Nd6 51. g3 Nf5+ 52. Kf2 Ra6 53. Rxc3 Ra7
54. Kf3 Rd7 55. Ra3 Nd4+ 56. Kf2 Nf5 57. Ra6 Ne7 58. Rf6+ Kg8 59. Bd6 Kg7 60.
Re6 Nf5 61. Be5+ Kh7 62. Re8 Ng7 63. Ra8 Rb7 64. Kf3 Rb3+ 65. Ke4 Rb7 66. Kd5
Rd7+ 67. Kc6 Re7 68. Kb6 Re6+ 69. Kc5 Re7 70. Kc6 Rf7 71. Rc8 Re7 72. Rd8 Rf7
73. Bxg7 Kxg7 74. Rd7 Rxd7 75. Kxd7 Kf6 76. Ke8 Ke6 77. Kf8 Kf6 78. Kg8 Ke6 79.
Kg7 Kf5 80. Kf7 Kg4 81. Kxg6 Kxg3 82. Kg5 1-0

[Event "FIDE World Rapid Team"]
[Site "Almaty KAZ"]
[Date "2024.08.04"]
[Round "11.26"]
[White "Erzhanov, Arman"]
[Black "Jumabayev, Rinat"]
[Result "0-1"]
[WhiteTitle "FM"]
[BlackTitle "GM"]
[WhiteElo "2114"]
[BlackElo "2577"]
[WhiteTeam "Kyrgyz Chess Academy"]
[BlackTeam "Theme International Trading"]
[WhiteFideId "4138821"]
[BlackFideId "13702661"]
[EventDate "2024.08.02"]

1. e4 c5 2. Nf3 e6 3. c3 Nf6 4. e5 Nd5 5. d4 cxd4 6. cxd4 d6 7. a3 Be7 8. Bd3
Bd7 9. O-O Bc6 10. Qe2 Nd7 11. Bd2 dxe5 12. dxe5 Nc5 13. Bc2 a6 14. Rd1 Bb5 15.
Qe1 Ba4 16. Bxa4+ Nxa4 17. Ra2 O-O 18. Nc3 Naxc3 19. Bxc3 Rc8 20. Bd4 Qd7 21.
Raa1 Qb5 22. Rac1 Nf4 23. Rxc8 Rxc8 24. Kh1 h6 25. Rc1 Rd8 26. Rc2 Qd3 27. Rd2
Qg6 28. g3 Nd5 29. Rd1 Qf5 30. Qe2 Rc8 31. Qd3 Rc1 32. Kg2 Qg4 33. Kh1 Qg6 34.
Ne1 Qxd3 0-1